000 00508nmm a22001577a 4500
003 OSt
005 20240516150044.0
006 eBook
008 240516b |||||||| |||| 00| 0 eng d
040 _cMRSPTU
100 _aRomesh, Mr Vaitilingam
245 _aFT Guide to Using the Financial Pages
600 _2Management
856 _3Click here to access the e-book
_uhttps://ebookcentral.proquest.com/lib/gzsptuc/detail.action?docID=5139752&query=FT+Guide+to+Using+the+Financial+Pages
942 _2ddc
_cEB
_n1
999 _c10299
_d10299